Touhou Character Species - Click Quiz - Statistics

General Stats
  • This quiz has been taken 23 times
  • The average score is 16 of 24
Answer Stats
Hint Answer % Correct
Vampire Flandre
94%
Kappa Nitori
88%
Moon Rabbit Reisen
88%
Fairy Clownpiece
81%
Shikigami Ran
81%
Human Reimu
81%
Satori Koishi
75%
Oni Suika
75%
Yama Eiki
69%
Tengu Hatate
69%
Doll Medicine
69%
Magician Youkai Patchouli
69%
Hell Raven Utsuho
69%
Sage Yukari
69%
Celestial Tenshi
63%
Oarfish Iku
56%
Tsukumogami Raiko
56%
Hermit Seiga
56%
God Suwako
56%
Lunarian Toyohime
56%
Hakutaku Keine
44%
Poltergeist Merlin
38%
Amanojaku Sagume
38%
Shen Nina
31%
No matching quizzes found
Score Distribution
Percent of People with Each Score
Percentile by Number Answered
Your Score History
You have not taken this quiz